| 000 | 00328nam a22001337a 4500 | ||
|---|---|---|---|
| 020 | _a8176351504 | ||
| 040 | _cNUST | ||
| 082 |
_a005.133 _bPER'S |
||
| 100 |
_aGrag Parry _9127217 |
||
| 245 | _aVisual Basic 6 in 21 days | ||
| 260 |
_aUSA: _bMacmillan computer, _c1998. |
||
| 650 | _2Visual Basic 6 in 21 days | ||
| 942 |
_2ddc _cBK |
||
| 999 |
_c612413 _d612413 |
||